000 00314nam a2200121Ia 4500
005 20260326235439.0
008 260326s9999||||xx |||||||||||||| ||und||
100 _aToca, Antonio
245 0 _aMéxico :
_b Nueva Arquitectura /
_cAntonio Toca
260 _bGustavo Gili
650 _aARQUITECTURA REGIONAL
942 _cBK
999 _c7338
_d7338